Manga et Anime - Groupes progressifs de chose - Statistiques

Statistiques générales
  • Ce quiz a été pris 223 fois
  • Le résultat moyen est 30 sur 90
Statistiques - réponses
Hint Réponse % Correct
Enfants de Son Goku dans Dragon Ball Son Gohan
93%
Titans primordiaux excepté le titan Originel, dans l'Attaque des Titans Titan Colossal
81%
Enfants de Son Goku dans Dragon Ball Son Goten
78%
Titans primordiaux excepté le titan Originel, dans l'Attaque des Titans Titan Cuirassé
75%
Empereurs au début de One Piece Barbe-Blanche
73%
Empereurs au début de One Piece Big Mom
73%
Empereurs au début de One Piece Kaido
73%
Empereurs au début de One Piece Shanks
73%
Titans primordiaux excepté le titan Originel, dans l'Attaque des Titans Titan Bestial
72%
Titans primordiaux excepté le titan Originel, dans l'Attaque des Titans Titan Féminin
70%
Titans primordiaux excepté le titan Originel, dans l'Attaque des Titans Titan Charette
69%
Titans primordiaux excepté le titan Originel, dans l'Attaque des Titans Titan Assaillant
66%
Titans primordiaux excepté le titan Originel, dans l'Attaque des Titans Titan Mâchoire
65%
Dôjutsu héréditaires Naruto Sharingan
64%
Dôjutsu héréditaires Naruto Byakugan
62%
Les Supernovae de One Piece Monkey D. Luffy
61%
Membres de la Génération Miracle de Kuroko's Basket Daiki Aomine
60%
Les Supernovae de One Piece Trafalgar D. Water Law
58%
Chevaliers d'Or du début de Saint Seiya
56%
Les Supernovae de One Piece Roronoa Zoro
56%
Les Supernovae de One Piece Eustass Kidd
51%
Membres de la Génération Miracle de Kuroko's Basket Ryota Kise
51%
Membres de la Génération Miracle de Kuroko's Basket Shintaro Midorima
50%
Membres de la Génération Miracle de Kuroko's Basket Atsushi Murasakibara
48%
Membres de la Génération Miracle de Kuroko's Basket Seijuro Akashi
48%
Les Supernovae de One Piece Jewelry Bonney
46%
Les Supernovae de One Piece Urouge
46%
Dôjutsu héréditaires Naruto Rinnegan
43%
Les Supernovae de One Piece X. Drake
43%
Les Supernovae de One Piece Basil Hawkins
41%
Homonculus dans Fullmetal Alchemist Envy
41%
Les Supernovae de One Piece Killer
41%
Titans primordiaux excepté le titan Originel, dans l'Attaque des Titans Titan Marteau d'Armes
41%
Les Supernovae de One Piece Capone Bege
37%
Les Supernovae de One Piece Scratchmen Apoo
37%
Capitaines des 13 divisions du Gotei 13 au début de Bleach Sosuke Aizen
37%
Homonculus dans Fullmetal Alchemist Gluttony
36%
Capitaines des 13 divisions du Gotei 13 au début de Bleach Kenpachi Zaraki
33%
Homonculus dans Fullmetal Alchemist Lust
33%
Parties de Jojo's Bizarre Adventure parues entre 1986 et 2025 Golden Wind
30%
Parties de Jojo's Bizarre Adventure parues entre 1986 et 2025 Stardust Crusaders
30%
Parties de Jojo's Bizarre Adventure parues entre 1986 et 2025 Phantom Blood
29%
Parties de Jojo's Bizarre Adventure parues entre 1986 et 2025 Stone Ocean
29%
Capitaines des 13 divisions du Gotei 13 au début de Bleach Byakuya Kuchiki
28%
Parties de Jojo's Bizarre Adventure parues entre 1986 et 2025 Steel Ball Run
28%
Homonculus dans Fullmetal Alchemist Pride
28%
Homonculus dans Fullmetal Alchemist Wrath
28%
Homonculus dans Fullmetal Alchemist Greed
27%
Parties de Jojo's Bizarre Adventure parues entre 1986 et 2025 Diamond Is Unbreakable
27%
Capitaines des 13 divisions du Gotei 13 au début de Bleach Genryusai Shigekuni Yamamoto
26%
Capitaines des 13 divisions du Gotei 13 au début de Bleach Gin Ichimaru
24%
Parties de Jojo's Bizarre Adventure parues entre 1986 et 2025 JoJolion
24%
Capitaines des 13 divisions du Gotei 13 au début de Bleach Toshiro Hitsugaya
24%
Parties de Jojo's Bizarre Adventure parues entre 1986 et 2025 Battle Tendency
22%
Homonculus dans Fullmetal Alchemist Sloth
21%
Capitaines des 13 divisions du Gotei 13 au début de Bleach Sui-Feng
21%
Capitaines des 13 divisions du Gotei 13 au début de Bleach Retsu Unohana
20%
Conseil des 10 Maîtres de Totsuki au début de Food Wars! Erina Nakiri
17%
Capitaines des 13 divisions du Gotei 13 au début de Bleach Mayuri Kurotsuchi
17%
Capitaines des 13 divisions du Gotei 13 au début de Bleach Jushiro Ukitake
16%
Chevaliers d'Or du début de Saint Seiya Saga
16%
Capitaines des 13 divisions du Gotei 13 au début de Bleach Shunsui Kyoraku
16%
Chevaliers d'Or du début de Saint Seiya Aldébaran
15%
Parties de Jojo's Bizarre Adventure parues entre 1986 et 2025 The JOJOLands
15%
Capitaines des 13 divisions du Gotei 13 au début de Bleach Kaname Tosen
15%
Chevaliers d'Or du début de Saint Seiya Shaka
15%
Chevaliers d'Or du début de Saint Seiya Aiolia
14%
Chevaliers d'Or du début de Saint Seiya Aiolos
14%
Chevaliers d'Or du début de Saint Seiya Camus
14%
Chevaliers d'Or du début de Saint Seiya Deathmask
14%
Capitaines des 13 divisions du Gotei 13 au début de Bleach Sajin Komamura
14%
Chevaliers d'Or du début de Saint Seiya Aphrodite
13%
Chevaliers d'Or du début de Saint Seiya Dôko
13%
Chevaliers d'Or du début de Saint Seiya Milo
12%
Chevaliers d'Or du début de Saint Seiya Shura
12%
Conseil des 10 Maîtres de Totsuki au début de Food Wars! Momo Akanegakubo
8%
Conseil des 10 Maîtres de Totsuki au début de Food Wars! Satoshi Isshiki
8%
Conseil des 10 Maîtres de Totsuki au début de Food Wars! Eishi Tsukasa
7%
Dragons des pactisants dans Yu-Gi-Oh 5D's Dragon {Poussière} {d'} {Étoile}
5%
Conseil des 10 Maîtres de Totsuki au début de Food Wars! Etsuya Eizan
5%
Conseil des 10 Maîtres de Totsuki au début de Food Wars! Nene Kinokuni
5%
Conseil des 10 Maîtres de Totsuki au début de Food Wars! Rindo Kobayashi
5%
Conseil des 10 Maîtres de Totsuki au début de Food Wars! Terunori Kuga
5%
Dragons des pactisants dans Yu-Gi-Oh 5D's Dragon {Rose} {Noire}
4%
Conseil des 10 Maîtres de Totsuki au début de Food Wars! Somei Saito
4%
Conseil des 10 Maîtres de Totsuki au début de Food Wars! Tôtsuke Megishima
4%
Dragons des pactisants dans Yu-Gi-Oh 5D's {Ancien} Dragon {Féérique}
1%
Dragons des pactisants dans Yu-Gi-Oh 5D's Dragon {Ailes} {Sombres}
1%
Dragons des pactisants dans Yu-Gi-Oh 5D's Dragon de {Vitalité}
1%
Dragons des pactisants dans Yu-Gi-Oh 5D's Dragon {Rouge} {Archdémon}
1%
Aucun quiz correspondant
Distribution des résultats
% des personnes avec chaque résultat
Percentile par nombre de réponses
Votre historique - résultats
Vous n’avez pas pris ce quiz